header

The road to results (Record no. 61186)

MARC details
000 -LEADER
fixed length control field 01166nam a2200301Ia 4500
100 1# - MAIN ENTRY--AUTHOR NAME
Personal name Morra, Linda G.
245 14 - TITLE STATEMENT
Title The road to results
260 ## - PUBLICATION, DISTRIBUTION, ETC. (IMPRINT)
Place of publication Washington, D.C. :
Name of publisher World Bank,
Year of publication c2009.
300 ## - PHYSICAL DESCRIPTION
Number of Pages xxii, 582 p.
650 #0 - SUBJECT ADDED ENTRY--TOPICAL TERM
Topical Term Economic development
Topical Term Economics.
700 1# - ADDED ENTRY--PERSONAL NAME
Personal name Rist, Ray C.
856 40 - ELECTRONIC LOCATION AND ACCESS
Uniform Resource Identifier http://site.ebrary.com/lib/rucke/Doc?id=10309172

No items available.

© 2026 Rongo University
Contact us: librarian | system librarian | Rongo university